000 00416nam a22001697a 4500
999 _c66899
_d66896
020 _a1319132103
020 _a978-1319132101
082 _a150GMYO
100 _aMyers, David G.
245 _aPsychology
260 _aNew York:
_bWorth Publishers.
_c2010.
300 _a734p. ;
650 _aPsychology
700 _aDeWall, C. Nathan
856 _uhttp://10.10.170.122:8080/browse/book/23881
942 _cBK